[Event "SV Stuttgart-Wolfbusch 1 - Stuttgarter SF 1"]
[Site "Oberliga Württemberg 2017/2018"]
[Date "2017.10.22"]
[Round "3"]
[White "Hofmann, Martin"]
[Black "Montigel, Philipp"]
[Result "1/2-1/2"]
[WhiteElo "2171"]
[BlackElo "2008"]
[Annotator ""]
[Source ""]
[Remark ""]

1.d4 b6 2.c4 Bb7 3.Nc3 e6 4.a3 g6 5.Nh3 Bg7 6.Nf4 d6 7.e3 Nd7
8.Be2 Ngf6 9.O-O O-O 10.Bf3 Bxf3 11.Qxf3 c5 {(=)} 12.d5 Qe7 13.dxe6
fxe6 14.Qe2 Rad8 15.Bd2 Ne5 16.Rad1 1/2-1/2

[Event "SV Stuttgart-Wolfbusch 1 - Stuttgarter SF 1"]
[Site "Oberliga Württemberg 2017/2018"]
[Date "2017.10.22"]
[Round "3"]
[White "Severin, Andreas"]
[Black "Fritsch, Rolf"]
[Result "0-1"]
[WhiteElo "2007"]
[BlackElo "2153"]
[Annotator ""]
[Source ""]
[Remark ""]

1.Nf3 g6 2.g3 Bg7 3.Bg2 e5 4.e4 c5 5.Nc3 Nc6 6.d3 d6 7.Nd5 h6
8.Be3 Nf6 9.Nxf6+ Qxf6 10.Nd2 O-O 11.O-O Be6 12.c3 Qe7 13.f4
f5 14.Nb3 exf4 15.gxf4 Qf7 16.e5 {(=)} c4 17.Nd4 Nxd4 18.cxd4
Rfd8 19.Qa4 dxe5 20.fxe5 cxd3 21.Qb4 Bd5 22.Bxd5 Qxd5 23.Qb3
Rac8 24.Qxd5+ Rxd5 25.Rfc1 Rdd8 26.Rxc8 Rxc8 27.Rc1 Rxc1+ 28.Bxc1
Kf7 29.Kf2 Ke6 30.Ke3 g5 31.Kxd3 Kd5 32.Be3 f4 33.Bf2 Bf8 34.b3
Be7 35.h3 Bd8 0-1

[Event "SV Stuttgart-Wolfbusch 1 - Stuttgarter SF 1"]
[Site "Oberliga Württemberg 2017/2018"]
[Date "2017.10.22"]
[Round "3"]
[White "Gabriel, Robert"]
[Black "Häcker, Johannes"]
[Result "1/2-1/2"]
[WhiteElo "2133"]
[BlackElo "2040"]
[Annotator ""]
[Source ""]
[Remark ""]

1.d4 Nf6 2.Nf3 d5 3.c4 e6 4.cxd5 exd5 5.Nc3 c6 6.Bg5 Be7 7.e3
Bf5 8.Bd3 Bxd3 9.Qxd3 Nbd7 10.O-O O-O 11.a3 a5 12.Qc2 Re8 13.b3
Qb8 14.Rfc1 Bd6 15.Bxf6 Nxf6 16.g3 Qd8 17.Kg2 Qe7 18.a4 Qd7 19.Re1
Re7 20.e4 dxe4 21.Nxe4 Nxe4 22.Rxe4 Qf5 23.Rae1 Rxe4 24.Rxe4
Qd5 25.h4 Rd8 26.Re3 f6 27.Qe2 Kf7 28.Kg1 Bb4 29.Qc2 g6 30.Qe2
Rd7 31.Qc2 Re7 32.Rxe7+ Kxe7 33.Qe2+ Kd7 34.Qe3 h6 35.Qf4 Be7
36.Nd2 g5 37.hxg5 hxg5 38.Qe3 b5 39.Ne4 Kd8 40.Kh2 Qf7 41.axb5
cxb5 42.Qd3 Qd5 43.f3 f5 44.Nf2 Bf6 45.Nd1 Bxd4 46.Ne3 Qd7 47.Kg2
Bxe3 48.Qxe3 g4 49.Qb6+ Ke7 50.Qxa5 Qd5 51.Qc3 Ke6 52.Kf2 b4
53.Qe3+ Kf7 1/2-1/2

[Event "SV Stuttgart-Wolfbusch 1 - Stuttgarter SF 1"]
[Site "Oberliga Württemberg 2017/2018"]
[Date "2017.10.22"]
[Round "3"]
[White "Willems, Sebastian"]
[Black "Seyfried, Claus"]
[Result "1-0"]
[WhiteElo "1923"]
[BlackElo "2124"]
[Annotator ""]
[Source ""]
[Remark ""]

1.c4 c6 2.e4 d5 3.cxd5 cxd5 4.exd5 Nf6 5.Nc3 Nxd5 6.Bc4 e6 7.Nf3
Be7 8.d4 O-O 9.h4 Nc6 10.Bd3 Bf6 11.Bxh7+ Kh8 12.Bb1 Nxc3 13.bxc3
e5 14.Ng5 g6 15.h5 exd4 16.hxg6+ Kg8 17.Qh5 Qe7+ 18.Kf1 fxg6
19.Bxg6 Ne5 20.Bh7+ Kh8 21.Be4+ Kg8 22.Bd5+ Rf7 23.Nxf7 Nxf7
24.Qh7+ Kf8 25.Ba3 1-0

[Event "SC Weiler im Allgäu 1 - Heilbronner SV 1"]
[Site "Oberliga Württemberg 2017/2018"]
[Date "2017.10.22"]
[Round "3"]
[White "Schulze, Ulrich"]
[Black "Plat, Vojtech"]
[Result "0-1"]
[WhiteElo "2272"]
[BlackElo "2521"]
[Annotator ""]
[Source ""]
[Remark ""]

1.d4 Nf6 2.Nf3 g6 3.g3 Bg7 4.Bg2 O-O 5.c4 d5 6.cxd5 Nxd5 7.O-O
Nc6 8.Nc3 Nb6 9.d5 Na5 10.Qc2 c6 11.dxc6 Nxc6 12.Rd1 Qe8 13.Bf4
e5 14.Be3 Bf5 15.Qc1 Qe7 16.Nb5 Rfd8 17.Rxd8+ Qxd8 18.Qe1 Nc4
19.Rd1 Qe7 20.Bc1 Bc2 21.Rd5 e4 22.Bg5 Qb4 23.Qxb4 Nxb4 24.Rc5
exf3 25.Bxf3 Ne5 26.a3 Nxf3+ 27.exf3 Bd3 28.axb4 b6 0-1

[Event "SC Weiler im Allgäu 1 - Heilbronner SV 1"]
[Site "Oberliga Württemberg 2017/2018"]
[Date "2017.10.22"]
[Round "3"]
[White "Cvek, Robert"]
[Black "Zuferi, Enis"]
[Result "1/2-1/2"]
[WhiteElo "2501"]
[BlackElo "2294"]
[Annotator ""]
[Source ""]
[Remark ""]

1.c4 Nf6 2.Nc3 c5 3.Nf3 d5 4.cxd5 Nxd5 5.e3 g6 6.d4 Nxc3 7.bxc3
Bg7 8.Bb5+ Nd7 9.a4 O-O 10.O-O Qc7 11.Qe2 b6 12.Ba3 Bb7 13.Rfd1
Rfd8 14.Rac1 e6 15.h3 Rac8 16.a5 Bc6 17.Rb1 Be4 18.Bd3 Bc6 19.axb6
axb6 20.e4 Nf6 21.Bc1 h6 22.Re1 Ra8 23.g3 Ra5 24.Bf4 Qa7 25.Be5
Nd7 26.Bxg7 Kxg7 27.Rbd1 Nf6 28.Bb1 Ra3 29.Qb2 Qa5 30.Ne5 Bb5
31.c4 Be8 32.dxc5 Rxd1 33.Rxd1 bxc5 34.Rc1 Ra4 35.Ng4 Qd8 36.Bd3
{(=)} h5 37.Nxf6 Qxf6 38.Qxf6+ Kxf6 39.f4 Ra3 40.e5+ Ke7 41.Rd1
Ba4 42.Rd2 Rc3 43.Kf2 Bb3 44.h4 Bxc4 45.Bxc4 Rxc4 46.Ra2 Rd4
47.Ke3 Rd5 48.Ra7+ Rd7 49.Ra5 c4 50.Ra3 Rb7 51.Rc3 Rb3 52.Kd4
Rxc3 53.Kxc3 Kd7 54.Kxc4 1/2-1/2

[Event "SC Weiler im Allgäu 1 - Heilbronner SV 1"]
[Site "Oberliga Württemberg 2017/2018"]
[Date "2017.10.22"]
[Round "3"]
[White "Schmidt, Tobias"]
[Black "Henrichs, Thomas"]
[Result "0-1"]
[WhiteElo "2223"]
[BlackElo "2478"]
[Annotator ""]
[Source ""]
[Remark ""]

1.e4 e5 2.Nf3 Nc6 3.Bc4 Bc5 4.O-O Nf6 5.d3 a6 6.c3 O-O 7.Nbd2
d6 8.Bb3 Ba7 9.Re1 Ng4 10.Re2 Kh8 11.h3 Nh6 12.Nf1 f5 13.Bxh6
gxh6 14.N1h2 Qf6 15.Qd2 Qg7 16.Kh1 Bd7 17.Rd1 Rae8 18.exf5 Bxf5
19.d4 exd4 20.cxd4 Rxe2 21.Qxe2 Nxd4 22.Nxd4 Bxd4 23.Rd2 Bd7
24.Nf3 Bc6 25.Rd3 Bxb2 26.Re3 Be5 27.Bc2 Rg8 28.Qf1 Bd4 29.Re2
Bxf3 30.gxf3 Qf7 0-1

[Event "SC Weiler im Allgäu 1 - Heilbronner SV 1"]
[Site "Oberliga Württemberg 2017/2018"]
[Date "2017.10.22"]
[Round "3"]
[White "Hasenohr, Benedict"]
[Black "Pogan, Nikolas"]
[Result "1-0"]
[WhiteElo "2332"]
[BlackElo "2214"]
[Annotator ""]
[Source ""]
[Remark ""]

1.d4 Nf6 2.c4 g6 3.Nc3 Bg7 4.e4 d6 5.Be2 O-O 6.Nf3 Bg4 7.Be3
Nfd7 8.Qd2 Bxf3 9.Bxf3 e5 10.d5 f5 11.Bg5 Bf6 12.Bh6 Bg7 13.Bxg7
Kxg7 14.exf5 gxf5 15.g4 Na6 16.O-O-O Kh8 17.Rhg1 fxg4 18.Bxg4
Rf4 19.Rg3 Nf6 20.Be2 Nc5 21.f3 Qe7 22.Rdg1 a5 23.Nd1 a4 24.Kb1
Qd7 25.Ne3 Rd4 26.Qc2 Rh4 27.Rg7 Rg8 28.Rxd7 Rxg1+ 29.Bf1 Nfxd7
30.Qf2 Rxf1+ 31.Qxf1 Rf4 {(=)} 32.Qg2 Nd3 33.Qg5 Nf6 34.Nf5 Ne8
35.Nh6 1-0

[Event "SC Weiler im Allgäu 1 - Heilbronner SV 1"]
[Site "Oberliga Württemberg 2017/2018"]
[Date "2017.10.22"]
[Round "3"]
[White "Blum, Nicolas"]
[Black "Wunder, Niklas"]
[Result "1-0"]
[WhiteElo "2221"]
[BlackElo "2090"]
[Annotator ""]
[Source ""]
[Remark ""]

1.e4 e6 2.d4 d5 3.Nd2 Nf6 4.e5 Nfd7 5.Bd3 c5 6.c3 Nc6 7.Ne2 cxd4
8.cxd4 f6 9.exf6 Nxf6 10.O-O Bd6 11.Nf3 Qc7 12.Bg5 O-O 13.Bh4
Nh5 14.Nc3 a6 15.Rc1 g6 16.Na4 Qg7 17.Nb6 Rxf3 18.Qxf3 Qxd4 19.Nxa8
Qxh4 20.g3 Qd8 21.Bxa6 Nd4 22.Qc3 Bd7 23.Qxd4 Qxa8 24.Be2 Ng7
25.Qb6 Bc6 26.Bb5 1-0

[Event "SC Weiler im Allgäu 1 - Heilbronner SV 1"]
[Site "Oberliga Württemberg 2017/2018"]
[Date "2017.10.22"]
[Round "3"]
[White "Srba, Milan"]
[Black "Degenhard, Simon"]
[Result "0-1"]
[WhiteElo "2157"]
[BlackElo "2176"]
[Annotator ""]
[Source ""]
[Remark ""]

1.e4 c5 2.Nf3 g6 3.d3 Bg7 4.c3 d5 5.Nbd2 Nc6 6.Qe2 dxe4 7.dxe4
Qc7 8.g3 Nf6 9.Bg2 O-O 10.Nc4 e5 11.O-O Rb8 12.Nfxe5 Nxe5 13.Nxe5
Re8 14.Nc4 Bg4 15.Qc2 Qe7 16.e5 Nd7 17.Nd6 Rf8 18.f4 f6 19.Be3
b6 20.h3 fxe5 21.hxg4 Qxd6 22.Rad1 Qc7 23.f5 Nf6 24.Qe2 gxf5
25.gxf5 Rbd8 26.g4 h6 27.g5 hxg5 28.Bxg5 Rxd1 29.Rxd1 Rd8 30.Re1
Re8 31.Qc4+ Qf7 32.Qh4 Nh7 33.Re3 Nxg5 34.Qxg5 Kf8 {(=)} 35.Be4
Qf6 36.Qg2 Rd8 37.Bd5 Bh6 38.Rg3 Qxf5 39.c4 Qb1+ 40.Qf1+ Qxf1+
41.Kxf1 Rd6 42.Ke2 a5 43.Kd3 Bf4 44.Rg8+ Ke7 45.Rb8 Rxd5+ 46.cxd5
e4+ 47.Kxe4 Bxb8 48.Kd3 Kd6 49.Kc4 Bc7 50.a3 Bd8 0-1

[Event "SC Weiler im Allgäu 1 - Heilbronner SV 1"]
[Site "Oberliga Württemberg 2017/2018"]
[Date "2017.10.22"]
[Round "3"]
[White "Stürmer, Robin"]
[Black "Wunder, Fabian"]
[Result "1-0"]
[WhiteElo "2216"]
[BlackElo "2043"]
[Annotator ""]
[Source ""]
[Remark ""]

1.d4 f5 2.Nc3 Nf6 3.Bg5 d5 4.e3 e6 5.Nh3 a6 6.Nf4 Nc6 7.Nh5 Qe7
8.Be2 Bd7 9.Nxf6+ gxf6 10.Bh5+ Kd8 11.Bh4 Be8 12.Bf3 Bg7 13.O-O
Qd7 14.Na4 Ne7 15.Nc5 Qc8 16.Qd2 Bc6 17.Rac1 Ke8 18.c4 Kf7 19.Bh5+
Ng6 20.Bg3 dxc4 21.Rxc4 Bb5 22.Be2 Bxc4 23.Bxc4 Nf8 24.d5 b6
25.dxe6+ Ke7 26.Qb4 bxc5 27.Qxc5+ Ke8 28.Qc6+ Ke7 29.Qc5+ Ke8
30.e7 Qd7 31.Rc1 Ne6 32.Qxf5 Kf7 33.Qh5+ Kxe7 34.Bxe6 Qxe6 35.Rxc7+
Kf8 36.Bd6+ Kg8 37.Re7 Qc4 38.Rc7 Qe6 39.Re7 Qc4 40.Rc7 Qxa2
41.h4 h6 42.Qg4 Rh7 {(=)} 43.Rc8+ Rxc8 44.Qxc8+ Kf7 45.Qd7+ Kg6
46.h5+ Kg5 47.Bf4+ Kxh5 48.Qf5+ 1-0

[Event "SC Weiler im Allgäu 1 - Heilbronner SV 1"]
[Site "Oberliga Württemberg 2017/2018"]
[Date "2017.10.22"]
[Round "3"]
[White "Hosticka, Frantisek"]
[Black "Weißbeck, Simon"]
[Result "1/2-1/2"]
[WhiteElo "2090"]
[BlackElo "1993"]
[Annotator ""]
[Source ""]
[Remark ""]

1.e4 e6 2.d3 d5 3.Qe2 Be7 4.Nf3 c5 5.g3 Nc6 6.Bg2 Nf6 7.e5 Nd7
8.c3 b5 9.O-O Ba6 10.Re1 O-O 11.h4 Rb8 12.Nbd2 Qb6 13.b3 Qa5
14.Bb2 c4 15.dxc4 bxc4 16.b4 Nxb4 17.cxb4 Bxb4 18.Bc1 c3 19.Qe3
cxd2 20.Bxd2 Nc5 21.Bxb4 Rxb4 22.Nd4 Qb6 23.a3 Rb2 24.Rec1 Bc4
25.Bf1 Bxf1 26.Rxf1 Nb3 27.Rad1 Nxd4 28.Rxd4 Rb3 29.Qf4 Rxa3
30.Rb4 Qc5 31.Rfb1 Rc3 32.Rb7 Rc4 33.Qg5 h6 34.Qe7 Qxe7 35.Rxe7
Re4 36.f4 a5 37.Rbb7 Re2 38.Kf1 Ra2 39.Rec7 h5 40.f5 Ra4 41.Ra7
Rg4 42.fxe6 fxe6+ 43.Kg2 Rf5 44.Rxa5 Rxe5 45.Ra8+ Kh7 46.Re7
Re3 47.Kf2 Rgxg3 48.Rxe6 Rgf3+ 49.Kg2 Rxe6 50.Kxf3 Re4 51.Kg3
Rg4+ 52.Kh3 Kg6 53.Rd8 Rd4 54.Rd7 Kf6 55.Kg3 Rg4+ 56.Kh3 Ke5
57.Rd8 Ke4 58.Re8+ Kd3 59.Re5 d4 60.Rxh5 Rg6 61.Rd5 Ke4 62.Rd7
d3 63.h5 Rg1 64.Kh4 Ke3 65.Re7+ Kf2 66.Rf7+ Ke2 67.Re7+ Kd1 68.Ra7
Kc2 69.Rc7+ Kd2 70.Rd7 g5+ 71.Kh3 Ke2 72.Re7+ Kd1 73.Ra7 Kd2
74.Rd7 Re1 75.Kg4 Rg1+ 76.Kh3 g4+ 77.Kh2 Re1 78.Kg3 Re8 79.Kxg4
Ke2 80.h6 d2 81.Kf5 d1Q 82.Rxd1 Kxd1 83.h7 Ke2 84.Kg6 Kf3 85.Kg7 1/2-1/2

[Event "SV Jedesheim 1 - SC Weiße Dame Ulm 1"]
[Site "Oberliga Württemberg 2017/2018"]
[Date "2017.10.22"]
[Round "3"]
[White "Jochens, Arne"]
[Black "Kessler, Luca"]
[Result "0-1"]
[WhiteElo "2233"]
[BlackElo "2387"]
[Annotator ""]
[Source ""]
[Remark ""]

1.c4 g6 2.Nc3 Bg7 3.g3 f5 4.Nf3 e5 5.d4 e4 6.Bg5 Nf6 7.Nh4 O-O
8.Qd2 Nc6 9.Ng2 d6 10.h4 Qe8 11.Bxf6 Bxf6 12.e3 Ne7 13.Nf4 c6
14.Be2 Bd7 15.Kf1 Qf7 16.Kg2 h6 17.d5 Be5 18.c5 dxc5 19.Bc4 Bxc3
20.bxc3 cxd5 21.Nxd5 Be6 22.Nxe7+ Qxe7 23.Bxe6+ Qxe6 24.Rhd1
Rf7 25.Qe2 Rc8 26.Rd2 Rc6 27.Rad1 Kg7 28.Rd5 Qf6 29.Qc4 b6 30.R1d2
Re6 31.Rd8 g5 32.hxg5 hxg5 33.R2d7 Rxd7 34.Rxd7+ Re7 35.Rxe7+
Qxe7 36.Qd5 Kf6 37.a4 g4 38.Qc6+ Ke5 39.Qa8 Qd7 40.c4 Qxa4 41.Qd5+
Kf6 42.Qd6+ Kf7 43.Qd5+ Ke7 44.Qe5+ Kd8 45.Qb8+ Kd7 46.Qb7+ Kd6
47.Qb8+ Ke6 48.Qg8+ Kd7 49.Qf7+ Kd8 50.Qf6+ Kc7 51.Qe5+ Kb7 52.Qe7+
Ka6 53.Qf7 Qd1 54.Qc7 Qd3 55.Qf7 b5 56.Qf6+ Ka5 57.Qa1+ Kb4 58.cxb5
Kxb5 59.Qxa7 c4 60.Qb7+ Ka4 61.Qa6+ Kb3 62.Qb5+ Kc2 63.Qa4+ Kd2
64.Qa2+ Qc2 65.Qa5+ c3 66.Qxf5 Ke1 0-1

[Event "SV Jedesheim 1 - SC Weiße Dame Ulm 1"]
[Site "Oberliga Württemberg 2017/2018"]
[Date "2017.10.22"]
[Round "3"]
[White "Heidenfeld, Mark"]
[Black "Fleischer, Frank"]
[Result "1-0"]
[WhiteElo "2340"]
[BlackElo "2180"]
[Annotator ""]
[Source ""]
[Remark ""]

1.e4 e6 2.d4 d5 3.Nc3 Bb4 4.Nge2 dxe4 5.a3 Bxc3+ 6.Nxc3 Nc6 7.Bb5
Nge7 8.Bg5 f6 9.Be3 O-O 10.Qd2 f5 11.O-O-O a6 12.Bxc6 Nxc6 13.f3
b5 14.fxe4 b4 15.axb4 Nxb4 16.d5 a5 17.Bc5 Re8 18.exf5 exd5 19.Rhf1
Bb7 20.f6 gxf6 21.Qh6 Ra6 22.Rf3 Qd7 23.Rdf1 Qf7 24.Rg3+ Kh8
25.Bd4 Ree6 26.Rgf3 Qg7 27.Qh4 Qxg2 28.R1f2 Qh1+ 29.Nd1 Na2+
30.Kb1 Qxd1+ 31.Kxa2 Re4 32.Rxf6 Rxh4 33.Rf8# 1-0

[Event "SV Jedesheim 1 - SC Weiße Dame Ulm 1"]
[Site "Oberliga Württemberg 2017/2018"]
[Date "2017.10.22"]
[Round "3"]
[White "Egle, Heiko"]
[Black "Lukovic, Vladimir"]
[Result "0-1"]
[WhiteElo "2164"]
[BlackElo "2266"]
[Annotator ""]
[Source ""]
[Remark ""]

1.d4 d5 2.Nf3 Nf6 3.e3 g6 4.c4 c6 5.Nc3 Bg7 6.Bd3 O-O 7.O-O a6
8.c5 Qc7 9.Qc2 Nbd7 10.Na4 e5 11.Nxe5 Nxe5 12.dxe5 Qxe5 13.Nb6
Rb8 14.Nxc8 Rbxc8 15.h3 Ne4 16.Rb1 f5 17.b4 Qe7 18.Bb2 Bxb2 19.Rxb2
Ng5 20.Qc3 Rce8 21.a4 Ne6 22.Re1 h5 23.Bf1 Ng5 24.Rc1 f4 25.exf4
Rxf4 26.Re2 Ne4 27.Qe3 Qf7 28.Rce1 Rf8 29.f3 Ng3 30.Rb2 Qf6 31.Qe5
h4 32.Qxf6 R8xf6 33.Bd3 Rd4 34.Rb3 Nh5 35.b5 axb5 36.axb5 Nf4
37.bxc6 bxc6 38.Rb8+ Rf8 39.Rxf8+ Kxf8 40.Bf1 Rd2 41.Ra1 Rc2
42.Ra7 Rxc5 43.Kf2 Rc2+ 44.Ke3 Ne6 45.f4 c5 46.Kf3 c4 47.Rd7
d4 48.g4 hxg3 49.Kxg3 d3 50.Bg2 Rxg2+ 51.Kxg2 c3 0-1

[Event "SV Jedesheim 1 - SC Weiße Dame Ulm 1"]
[Site "Oberliga Württemberg 2017/2018"]
[Date "2017.10.22"]
[Round "3"]
[White "Anistratov, Dmitriy"]
[Black "Weber, Franz-Josef"]
[Result "1/2-1/2"]
[WhiteElo "2233"]
[BlackElo "2047"]
[Annotator ""]
[Source ""]
[Remark ""]

1.Nf3 Nf6 2.g3 b6 3.Bg2 Bb7 4.O-O c5 5.c4 e6 6.Nc3 Be7 7.d4 cxd4
8.Qxd4 d6 9.Rd1 a6 10.b3 Nbd7 11.e4 Qb8 12.Ba3 Nc5 13.e5 dxe5
14.Qxe5 O-O 15.Qxb8 Raxb8 16.Ne5 Rfc8 17.Na4 Bxg2 18.Kxg2 b5
19.cxb5 axb5 20.Nxc5 Bxc5 21.Bxc5 Rxc5 22.Nd3 Rc2 23.Nb4 Rcc8
24.Rd4 g5 25.Re1 Rb6 26.Re5 h6 27.h3 Rc7 28.Re2 Kg7 29.Red2 Rc5
30.Nd3 Rd5 31.Nb4 Rc5 32.Rd1 Rb7 33.Kf3 h5 34.Kg2 Ra7 35.R1d2
Rc1 36.Re2 Rc5 37.Rd6 Ra8 38.Na6 Rd5 39.Rc6 Ra7 40.Nb4 Rd4 41.Nc2
Rd5 42.Ne3 Re5 43.Rec2 Kg6 44.Rd6 Ne4 45.Rb6 Rd7 46.a4 bxa4 47.bxa4
Ra7 48.Rb4 Nd6 49.Rd2 Ra6 50.Rbd4 Nf5 51.Nxf5 Kxf5 52.Rb4 Re4
53.Rxe4 Kxe4 54.Rd7 f5 55.Rh7 f4 56.gxf4 Kxf4 57.Rxh5 Rxa4 58.h4
Kg4 59.Rxg5+ Kxh4 60.Re5 Ra6 61.Kf3 Rb6 62.Re1 Kg5 1/2-1/2

[Event "SV Jedesheim 1 - SC Weiße Dame Ulm 1"]
[Site "Oberliga Württemberg 2017/2018"]
[Date "2017.10.22"]
[Round "3"]
[White "Wolf, Rainer"]
[Black "Wild, Rudolf"]
[Result "1-0"]
[WhiteElo "2004"]
[BlackElo "2175"]
[Annotator ""]
[Source ""]
[Remark ""]

1.d4 Nf6 2.c4 e6 3.Nc3 Bb4 4.Qc2 c5 5.dxc5 Bxc5 6.a3 a5 7.Na4
Na6 8.Nxc5 Nxc5 9.Bf4 Qe7 10.Nf3 d6 11.Rd1 e5 12.Bg5 a4 13.h3
O-O 14.g4 Ra6 15.Bg2 Bd7 16.O-O Bc6 17.Nh4 Bxg2 18.Nxg2 h6 19.Bh4
Qe6 20.Bxf6 Qxf6 21.Ne3 g6 22.Nd5 Qh4 23.Kh2 Ne6 24.Qd3 Rc6 25.Rc1
Kg7 26.Qg3 Qg5 27.e3 e4 28.Nb4 Rb6 29.Rfd1 Rd8 30.Rd5 Qf6 31.Rc2
Ng5 32.Kg2 Rh8 33.Qf4 Qe6 34.Rcd2 Nf3 35.Rxd6 Rxd6 36.Rxd6 1-0

[Event "SV Jedesheim 1 - SC Weiße Dame Ulm 1"]
[Site "Oberliga Württemberg 2017/2018"]
[Date "2017.10.22"]
[Round "3"]
[White "Engelhart, Achim"]
[Black "Gebhardt, Uwe"]
[Result "1/2-1/2"]
[WhiteElo "2073"]
[BlackElo "1953"]
[Annotator ""]
[Source ""]
[Remark ""]

1.e4 g6 2.d4 Bg7 3.Nc3 d6 4.f4 c6 5.Nf3 Nf6 6.Bd3 b5 7.O-O b4
8.Ne2 Ba6 9.a3 Bxd3 10.Qxd3 bxa3 11.Rxa3 O-O 12.e5 Nd5 13.c4
Nc7 14.Be3 d5 15.b3 a6 16.f5 Nd7 17.Bf4 c5 18.e6 fxe6 19.fxg6
hxg6 20.Qxg6 Rf6 21.Qg3 Rc8 22.Ne5 Ne8 23.Rxa6 cxd4 24.Nc6 Rxc6
25.Rxc6 e5 26.Rxf6 exf6 27.Bh6 dxc4 28.Bxg7 Nxg7 29.bxc4 Qb6
30.Kh1 Qe6 31.Qb3 f5 32.Qb5 d3 33.Ng3 f4 34.Ne4 Kh8 35.Qd5 Qf5
36.Qxd3 Nf6 37.Qd8+ Ng8 38.Nd6 Qh5 39.c5 Kh7 40.Qf8 Qe2 41.Rg1
Qc2 42.Ne8 Nxe8 43.Qxe8 Qxc5 44.Qf7+ Kh8 45.Qh5+ Kg7 46.Qg5+
Kf7 47.Re1 Qf2 48.Qh5+ Kf8 49.Qf5+ Kg7 50.Qxe5+ Nf6 51.Qe2 Qh4
52.h3 f3 53.gxf3 Qxh3+ 54.Kg1 Kf7 55.Qg2 Qh4 56.Rd1 Qf4 57.Qa2+
Kg7 58.Qe2 Kf7 59.Qf2 Qg5+ 60.Kf1 Qf5 61.Rd2 Qb5+ 62.Qe2 Qb1+
63.Kf2 Qf5 64.Qc4+ Kg7 65.Rd1 Qe5 66.Rg1+ Kf8 67.Qc8+ Kf7 68.Qc4+
Kf8 69.Rg2 Qb2+ 70.Kg1 Qb1+ 71.Qf1 Qb6+ 72.Kh1 Qd4 73.Qf2 Qc3
74.Qg3 Qc1+ 75.Kh2 Qh6+ 76.Qh3 Qf4+ 77.Rg3 Kf7 78.Kg1 Qe3+ 79.Kh1
Qe1+ 80.Rg1 Qe3 81.Rb1 Qe7 82.Qf5 Qc7 83.Rg1 Qc3 84.Qg6+ Ke6
85.Qg3 Kf7 86.Rb1 Qc6 87.Qf4 Qd5 88.Qc7+ Nd7 89.Qf4+ Nf6 90.Rc1
Qh5+ 91.Kg2 Qg6+ 92.Kf2 Qh5 93.Rc6 Qg6 94.Rxf6+ Qxf6 95.Qc7+
Kg6 96.Qg3+ Kf7 97.Qg4 Qe5 {(=)} 98.Kg2 Qe2+ 99.Kg3 Qe1+ 100.Kf4
Qc1+ 101.Kf5 Qc5+ 102.Ke4 Qb4+ 103.Kd3 Qa3+ 104.Ke2 Qb2+ 105.Kf1
Qc1+ 106.Kg2 Qd2+ 107.Kh3 Qd5 108.Qf4+ Kg6 109.Kg3 Qg5+ 110.Qg4
Kf6 111.Kh3 Qf5 112.Kh4 Ke5 113.Qg5 Ke6 114.Qg8+ Ke7 115.Qg5+
Ke6 116.f4 Qe4 117.Kh5 Qf5 118.Kh6 Qf8+ 119.Kh7 Qf7+ 120.Kh8
Qf8+ 121.Kh7 Qf7+ 122.Kh6 Qf8+ 123.Kh5 Qf5 124.Kh4 Qe4 125.Qg4+
Kf6 126.Kg3 Qe1+ 127.Kg2 Qd2+ 128.Kf1 Qc1+ 129.Ke2 Qc2+ 130.Kf3
Qd1+ 131.Kg3 Qe1+ 132.Kg2 Qd2+ 133.Kh3 Qd3+ 134.Qg3 Qf5+ 135.Kg2
Qc2+ 136.Qf2 Qe4+ 137.Qf3 Qc2+ 138.Kf1 Kf5 1/2-1/2

[Event "SV Jedesheim 1 - SC Weiße Dame Ulm 1"]
[Site "Oberliga Württemberg 2017/2018"]
[Date "2017.10.22"]
[Round "3"]
[White "Hartmann, Thomas"]
[Black "Hofer, Emilian"]
[Result "0-1"]
[WhiteElo "1962"]
[BlackElo "2156"]
[Annotator ""]
[Source ""]
[Remark ""]

1.d4 d5 2.c4 c6 3.Nf3 Nf6 4.Qc2 dxc4 5.e4 b5 6.b3 cxb3 7.axb3
e6 8.Bd2 b4 9.Bd3 Be7 10.O-O h6 11.Bf4 Bb7 12.Nbd2 O-O 13.Nc4
Ba6 14.Qd2 Bb5 15.e5 Nd5 16.Bxh6 Nd7 17.Bb1 Re8 18.Bg5 Bxg5 19.Nxg5
Nf8 20.Re1 Bxc4 21.bxc4 Nb6 22.Qf4 f6 23.Ne4 f5 24.Nd6 Re7 25.g4
g6 26.Kh1 Rg7 27.gxf5 gxf5 28.Bxf5 exf5 29.Rg1 Ne6 30.Qxf5 Qe7
31.Ne4 Qf7 32.Rxg7+ Nxg7 33.Nf6+ Kf8 34.Qh3 Qe6 35.Qh7 Kf7 36.Rxa7+
Rxa7 37.Qg8+ Ke7 38.Qxg7+ Qf7 39.Ng8+ Kd8 40.Qg5+ Kc7 41.Nf6
Nxc4 42.Qf5 b3 43.e6 Qe7 44.d5 b2 0-1

[Event "SV Jedesheim 1 - SC Weiße Dame Ulm 1"]
[Site "Oberliga Württemberg 2017/2018"]
[Date "2017.10.22"]
[Round "3"]
[White "Stiepan, Hans-Michael"]
[Black "Zitzelsberger, Philipp"]
[Result "1/2-1/2"]
[WhiteElo "2086"]
[BlackElo "1849"]
[Annotator ""]
[Source ""]
[Remark ""]

1.d4 Nf6 2.Nf3 g6 3.g3 Bg7 4.Bg2 d5 5.O-O O-O 6.c4 b6 7.Ne5 Bb7
8.Nc3 c6 9.Bf4 dxc4 10.Nxc4 Nh5 11.Be3 Nd7 12.Rc1 Nhf6 13.Qd2
Nd5 14.Bh6 N7f6 15.Ne5 c5 16.Bxg7 Kxg7 17.dxc5 Nxc3 18.Qxc3 Bxg2
19.Kxg2 Qd5+ 20.Nf3 bxc5 21.b3 Rfc8 22.Rfd1 Qe4 23.Qe5 Rc6 24.Rc4
Qxe5 25.Nxe5 Re6 26.Rxc5 Ne4 27.Ra5 Nc3 28.Rd2 f6 29.Rc2 Nxa2
30.Nxg6 hxg6 31.Rcxa2 Rb8 32.Rxa7 Rxb3 33.h4 Rb1 {(=)} 34.e3
Rb4 35.Rd2 f5 36.Kf3 g5 37.hxg5 Kg6 38.Rdd7 Rbe4 39.Ra5 Kxg5
40.Rdd5 Rf6 41.Re5 Rxe5 42.Rxe5 e6 43.e4 Kg6 44.exf5+ exf5 45.Kf4
Rb6 46.Ra5 Rb4+ 47.Kf3 Kg5 48.Ra8 Rc4 49.Rg8+ Kf6 50.Rd8 Kg5
51.Rg8+ Kf6 52.Ke3 Re4+ 53.Kd3 Re1 54.Ra8 Kg5 55.Ra5 Kg4 56.Ra4+
Kg5 57.Kd2 Re6 58.Ra5 Kg4 59.Ra4+ Kg5 60.Ra3 Kg4 61.Re3 Ra6 62.Ke2
Ra2+ 63.Kf1 Rb2 64.Kg2 Ra2 65.Rb3 Rc2 66.Rd3 Ra2 67.Rd8 Kg5 68.Rg8+
Kf6 69.Rc8 Kg5 70.Kf3 Ra3+ 71.Ke2 Ra2+ 72.Ke3 Ra3+ 73.Kd2 Rf3
74.Ke2 Ra3 75.Rg8+ Kf6 76.f4 Rb3 77.Kf2 Rb2+ 78.Kf3 Ra2 79.Rb8
Rc2 80.Rb6+ Kf7 81.Rb3 Kg6 82.Ke3 Rg2 83.Kd4 Re2 84.Rb6+ Kf7
85.Rc6 Re4+ 86.Kd3 Re1 87.Rc3 Kf6 88.Kd4 Re4+ 89.Kd5 Re1 90.Ra3
Rd1+ {(=)} 91.Kc4 Re1 92.Kd3 Re4 93.Ra8 Kf7 94.Rc8 Re1 95.Kd2
Re4 96.Rc3 Kf6 97.Re3 Ra4 98.Ke2 Ra2+ 99.Kf3 Rb2 100.Re2 Rb3+
101.Kg2 Rb1 102.Ra2 Rb4 103.Kh3 Rb1 104.Ra6+ Kf7 105.Kh4 Rb3
106.Rc6 Ra3 107.Rb6 Rc3 108.Rh6 Kg7 109.Ra6 Kf7 110.Kg5 Rxg3+
111.Kxf5 Rb3 112.Ra7+ Kg8 113.Kg6 Rb6+ 114.Kg5 Kf8 115.f5 Rc6
116.Rd7 Ra6 117.Rc7 Rb6 118.f6 Rb1 1/2-1/2

[Event "TG Biberach 1 - SC Weiße Dame Ulm 1"]
[Site "Oberliga Württemberg 2017/2018"]
[Date "2017.11.12"]
[Round "4"]
[White "Jochens, Arne"]
[Black "Sinz, Bernhard"]
[Result "0-1"]
[WhiteElo "2233"]
[BlackElo "2364"]
[Annotator ""]
[Source ""]
[Remark ""]

1.c4 e5 2.g3 Nf6 3.Bg2 h6 4.a3 c6 5.Nf3 e4 6.Nd4 d5 7.cxd5 Qxd5
8.e3 Bg4 9.Nc3 Bxd1 10.Nxd5 cxd5 11.Kxd1 Bc5 12.Nb5 Bb6 13.b4
O-O 14.Bb2 Nbd7 15.Bh3 h5 16.Ke2 a6 17.Nd6 Rab8 18.Rac1 Rfd8
19.Bxf6 gxf6 20.Rc2 d4 21.exd4 Bxd4 22.Nxe4 Kg7 23.Rc7 Ne5 24.f4
Nc6 25.Be6 Rf8 26.Bd5 Bb6 27.Rd7 Nd4+ 28.Kd3 Rbd8 29.Rxd8 Rxd8
30.Kc4 Nb5 31.Ra1 Bd4 32.Ra2 Bg1 33.h3 f5 34.Nc3 Nxc3 35.dxc3
b5+ 36.Kb3 Rxd5 37.a4 Rd3 38.axb5 axb5 39.Ra5 Bd4 40.Rxb5 Rxc3+
41.Ka4 Rxg3 42.Rxf5 Rxh3 43.b5 Bb6 44.Kb4 Rf3 45.Kc4 Kg6 46.Rg5+
Kf6 47.Rxh5 Rxf4+ 48.Kd3 Ke6 49.Rh6+ f6 50.Rh8 Rd4+ 51.Kc3 Rd6
52.Kc4 f5 53.Rf8 Ke5 54.Re8+ Kf4 55.Rf8 Ke4 0-1

[Event "TG Biberach 1 - SC Weiße Dame Ulm 1"]
[Site "Oberliga Württemberg 2017/2018"]
[Date "2017.11.12"]
[Round "4"]
[White "Oberst, Thomas"]
[Black "Fleischer, Frank"]
[Result "0-1"]
[WhiteElo "2270"]
[BlackElo "2180"]
[Annotator ""]
[Source ""]
[Remark ""]

1.c4 f5 2.g3 Nf6 3.Bg2 d6 4.Nc3 e5 5.d3 c5 6.e3 Nc6 7.Nge2 Be6
8.Nd5 Be7 9.a3 O-O 10.O-O Kh8 11.Rb1 Rc8 12.Nec3 Qd7 13.Bd2 Bd8
14.b4 b6 15.b5 Ne7 16.e4 Ng6 17.exf5 Bxf5 18.Qc2 Ne7 {(=)} 19.Nxf6
gxf6 20.a4 Bh3 21.Bxh3 Qxh3 22.Qd1 Ng6 23.Kh1 f5 24.f4 exf4 25.Bxf4
Nxf4 26.Rxf4 Bg5 27.Rf3 Rce8 28.Qf1 Qg4 29.Nd5 Bh6 30.Qf2 Re5
31.Rf1 Kg7 32.Qb2 Kg8 33.a5 bxa5 34.Qa2 a4 35.Qxa4 Rxd5 36.Rf4
Bxf4 37.Rxf4 Rxd3 38.Rxg4+ fxg4 39.Qxa7 Rdf3 40.Qa2 Rf2 0-1

[Event "TG Biberach 1 - SC Weiße Dame Ulm 1"]
[Site "Oberliga Württemberg 2017/2018"]
[Date "2017.11.12"]
[Round "4"]
[White "Egle, Heiko"]
[Black "Fischer, André"]
[Result "1/2-1/2"]
[WhiteElo "2164"]
[BlackElo "2261"]
[Annotator ""]
[Source ""]
[Remark ""]

1.e4 c5 2.Nf3 d6 3.d4 cxd4 4.Nxd4 Nf6 5.Nc3 a6 6.Bg5 e6 7.f4
h6 8.Bh4 Be7 9.Qf3 Qc7 10.O-O-O Nbd7 11.g4 g5 12.fxg5 Ne5 13.Qe2
Nfxg4 14.h3 hxg5 15.Bg3 Nf6 16.Rg1 Bd7 17.Nf3 Nxf3 18.Qxf3 O-O-O
19.Bxd6 Bxd6 20.Qxf6 Bf4+ 21.Kb1 Bc6 22.Bg2 Rhg8 23.Rd3 Be5 24.Qf1
f6 25.Bf3 Kb8 26.Rg2 Rxd3 27.cxd3 Rd8 28.Rc2 Qd6 29.Be2 {(=)}
Qd4 30.Rc1 Bb5 31.Kc2 Rc8 32.Kb1 Rd8 33.Kc2 Rc8 34.Kb1 Qb4 35.a3
Qd4 36.Rc2 Bd7 37.Qc1 Rh8 38.Bf1 Rc8 39.Qd1 Qb6 40.Qd2 Bd4 41.Ne2
Rxc2 42.Qxc2 Be5 43.Qd2 Qf2 44.Qd1 Bc6 45.Ka1 Ba4 46.Qc1 Bb3
47.Qb1 Qc5 48.d4 Bxd4 49.Nxd4 Qxd4 50.Bd3 Ba4 51.Qf1 Bd7 52.Bb1
Qe5 53.Qd3 Kc7 54.Qc4+ Bc6 55.Qb4 Qd6 56.Qc3 e5 57.Qf3 Bd7 58.Ba2
Be6 59.Qxf6 Bxa2 60.Qg7+ Kb6 61.Kxa2 Qe6+ 62.Ka1 Qxh3 63.Qxe5
Qf1+ 64.Ka2 Qc4+ 65.Ka1 Qf1+ 66.Ka2 Qc4+ 67.Ka1 g4 68.Qf4 Qg8
69.Qg3 Qg6 70.e5 Qe4 71.Qf2+ Kb5 72.Qf1+ Kc5 73.Qf8+ Kb5 74.Qf1+
Kc5 75.Qf8+ Kb5 1/2-1/2